000 00367nam a22001577a 4500
005 20251108172314.0
008 250721s1964 xx 000 0 eng d
082 1 4 _aj/f/mor
100 1 _aMorgan, Helen
245 1 0 _aTwo in the garden /
264 1 _aLondon :
_bBrockhampton,
_c1964.
300 _a88p.
650 1 7 _aFiction
942 _2ddc
_cBK
999 _c75689
_d75689